00755nab a2200205uuc450000100070000000500170000700800410002403500110006503500210007604000130009704100080011010000450011824501080016365000260027165000280029765000370032570000390036270000380040177301100043998452720240911091016.0060717e20060501 spa  a984527 a(OCoLC)820356965 ccomduadb aspa10aMartín Arribas, Concepción4auteaut10aEstres relacionado con el trabajo y exposicion laboral en enfermeras de la comunidad de Castilla y Leon aEnfermeria - España 7aEstrés laboral2embne aEstrés en el personal de salud10aPosada de la Paz, Manuel4auteaut10aSantiago Santos, Isabel4auteaut0 tEnfermería Clínica (España)gVol. 16, No. 03, May.-Jun. 2006, p. 119-126w725040x1130-86210232996